| 000 | 00647cam a22002293a 4500 | ||
|---|---|---|---|
| 001 | 35188 | ||
| 003 | PGUSA | ||
| 005 | 20140828083746.0 | ||
| 008 | 110206s2011||||xxu|||||s|||||000 | eng d | ||
| 040 |
_aPGUSA _beng |
||
| 042 | _adc | ||
| 100 | 1 |
_aStratton-Porter, Gene, _d1863-1924 |
|
| 245 | 1 | 4 |
_aThe Fire Bird _h[electronic resource] / _cGene Stratton-Porter |
| 260 |
_bProject Gutenberg, _c2011 |
||
| 506 | _aPublic domain in the USA. | ||
| 516 | _aElectronic text | ||
| 700 | 1 |
_aGrant, Gordon, _d1875-1962 |
|
| 700 | 1 | _aThayer, Lee | |
| 830 | 0 |
_aProject Gutenberg _v35188 |
|
| 856 | 4 | 0 | _uhttp://www.gutenberg.org/ebooks/35188 |
| 942 | _cEB | ||
| 999 |
_c264443 _d264443 |
||